00860nam a2200193 a 450000100100000000500170001000800410002704000250006811000730009324500630016626000930022930000350032249000300035783000370038704900090042495201050043395201110053899900170064900003099120200930062632.0110609s1944 dr ab 000 0 spa d aDO-SdBNPbspacBNPHU aRepública Dominicana.bDirección General de Estadística932043 0aRepública Dominicana :balbúm estadístico gráfico. aCiudad Trujillo, República Dominicana, :bDirección General de Estadística,c1944. a[82 p.] :bil., map. ;c23 cm.1 aEstadística Dominicanas 0aEstadística Dominicanas938255 aBNPD 0010718PDaPDbPDcCTd2011-06-09iLF1l0o p30991-10r2020-06-25w2020-06-25yLFPDZNo se presta 0010718PDaPDbPDcCTd2011-06-10iLF1l0o p30991-20r2020-06-25te. 2w2020-06-25yLFPDZNo se presta c30483d30483